000 00750nam a2200205 i 4500
001 30531
003 ES-MaACL
005 20230906154217.0
007 t|
008 030124s1947 xxk ||||1| eng d
100 1 _aBaykov, Alexander.
_926669
245 1 4 _aThe development of the soviet economic system /
_cby Alexander Baykov.
250 _a[american edition].
260 _aCambridge, etc. :
_bUniversity Press,
_c1947.
300 _aXV, 514 p. ;
_c22 cm.
490 1 _aThe National Institute of Economic and Social research. Economic and social studies ;
_v5
830 0 _aThe National Institute of Economic and Social research. Economic and social studies ;
_v5
_9229341
852 _aES-MaACL
_jC-5376
_bR.25596
999 _c30531
_d30531